[Event "FSGM March"]
[Site "Budapest HUN"]
[Date "2005.03.06"]
[Round "2"]
[White "Dzhakaev,D"]
[Black "Ilincic,Z"]
[Result "1-0"]
[WhiteElo "2486"]
[BlackElo "2502"]

1.Nf3 Nf6 2.c4 e6 3.Nc3 d5 4.d4 c6 5.e3 Nbd7 6.Qc2 Be7 7.Be2 b6 8.O-O Bb7
9.b3 O-O 10.Bb2 Rc8 11.Rad1 Qc7 12.Qb1 Rfd8 13.Bd3 h6 14.Rfe1 c5 15.cxd5 Nxd5
16.Nxd5 Bxd5 17.e4 Bb7 18.d5 exd5 19.exd5 Bf6 20.Bh7+ Kh8 21.d6 Qb8 22.Bxf6 Nxf6
23.Ne5 Rf8 24.Bg6 fxg6 25.Nxg6+ Kg8 26.Nxf8 Rxf8 27.Qg6 Be4 28.Rxe4 Nxe4
29.Qe6+ Kh8 30.Qxe4 Qe8 31.Qe7 a6 32.g3 b5 33.Qe3 Qxe3 34.fxe3 Kg8 35.Kg2 Rd8
36.Kf3 Kf7 37.Ke4 Ke6 38.d7 c4 39.bxc4 bxc4 40.Rd4 a5 41.a4 h5 42.Kf3 g5
43.Ke4 h4 44.g4 h3 45.Kf3 Rxd7 46.Rxc4 Rd5 47.Rc6+ Kf7 48.Ra6 Rd2 49.Rxa5 Kf6
50.Rf5+ Kg6 51.Kg3 Ra2 52.Ra5 Ra3 53.Ra6+ Kg7 54.Kf3 Ra2 55.Ra7+ Kg6 56.Ra6+ Kg7
57.Kg3 Ra3 58.Ra7+ Kg6 59.Ra6+ Kg7 60.Ra5 Kg6 61.Kf3 Ra2 62.Kg3 Ra3 63.Re5 Rxa4
64.Kxh3 Ra1 65.Kg2 Re1 66.Re6+ Kg7 67.Kf3 Rg1 68.Ra6 Rf1+ 69.Ke4 Rf2 70.Ra7+ Kg6
71.h3 Rf8 72.Ra6+ Kg7 73.Ra7+ Kg6 74.Ra6+ Kg7 75.Ke5 Rf3 76.Ra7+ Kg6 77.Ra6+ Kg7
78.e4 Kf7 79.Ra7+ Kg6 80.Ra6+ Kf7 81.Rd6 Kg7 82.Rd7+ Kg6 83.Rd6+ Kg7 84.Ke6 Rf6+
85.Kd7 Rf7+ 86.Ke6 Rf6+ 87.Kd5 Rf3 88.Rd7+ Kg6 89.Rd6+ Kg7 90.e5 Re3 91.Rd7+ Kg6
92.Rd6+ Kg7 93.Ke6 Kg6 94.Kd7+ Kg7 95.e6 Ra3 96.e7 Ra7+ 97.Ke6 Ra8 98.Rd8  1-0

[Event "NWAPA Rector Cup"]
[Site "St Petersburg RUS"]
[Date "2005.03.06"]
[Round "4"]
[White "Kostiuk,T"]
[Black "Gavrilov,O"]
[Result "0-1"]
[WhiteElo "2307"]
[BlackElo "2326"]

1.d4 d5 2.c4 c6 3.Nf3 Nf6 4.e3 e6 5.Nc3 Nbd7 6.Qc2 Bd6 7.g4 h6 8.Bd2 a6 9.cxd5 cxd5
10.Rg1 b5 11.a3 Bb7 12.Bd3 Rc8 13.Qb1 Qe7 14.h4 e5 15.g5 Nh5 16.dxe5 Nxe5
17.Nxe5 Bxe5 18.Ne2 d4 19.Bb4 Bd6 20.Bxd6 Qxd6 21.Be4 dxe3 22.fxe3 Qe7 23.Bxb7 Qxb7
24.Qf5 Qd7 25.Qf3 g6 26.Rd1 Qe7 27.Rd4 O-O 28.gxh6 Kh7 29.Nc3 Rfe8 30.Kf2 f5
31.Rgd1 Kxh6 32.Nd5 Qe5 33.Nf4 Nf6 34.Ng2 Rc2+ 35.Kg1 Ng4 36.Rxg4 fxg4 37.Qxg4 Qf5
38.Qxf5 gxf5 39.Rd6+ Kh5 40.Kf1 Rxb2 41.Rxa6 Rc8 42.Nf4+ Kxh4 43.Nd3 Rb1+
44.Kg2 Rc2+ 45.Nf2 Rbb2  0-1

[Event "Acropolis GM Open"]
[Site "Athens GRE"]
[Date "2005.03.07"]
[Round "2"]
[White "Skalkotas,N"]
[Black "Poteas,I"]
[Result "1-0"]
[WhiteElo "2278"]
[BlackElo "2190"]

1.c4 e6 2.Nc3 d5 3.d4 c6 4.e3 Nf6 5.Nf3 Nbd7 6.Qc2 Bd6 7.b3 O-O 8.Bb2 a6
9.Bd3 dxc4 10.Bxc4 e5 11.O-O-O Qe7 12.h3 Ba3 13.Bxa3 Qxa3+ 14.Qb2 Qe7 15.dxe5 Nxe5
16.Nxe5 Qxe5 17.Na4 Qxb2+ 18.Kxb2 b5 19.Nb6 Rb8 20.Nxc8 Rfxc8 21.Be2 c5 22.Bf3 Rd8
23.h4 Kf8 24.g4 Nd7 25.Rd5 f6 26.Rhd1 Ke7 27.g5 Ne5 28.gxf6+ gxf6 29.Be2 Rxd5
30.Rxd5 Rc8 31.f4 Nf7 32.Bd3 Nd6 33.Rh5 c4 34.Rxh7+ Ke6 35.bxc4 bxc4 36.Bg6 f5
37.Ra7 Rc6 38.h5 c3+ 39.Kc1 Ne4 40.Bf7+ Kd6 41.Bb3 Kc5 42.Rd7 Ng3 43.Rg7 Nxh5
44.Rg5 Nf6 45.Rxf5+ Kb4 46.Re5  1-0

[Event "NWAPA Rector Cup"]
[Site "St Petersburg RUS"]
[Date "2005.03.07"]
[Round "5"]
[White "Bets,A"]
[Black "Doluhanova,E"]
[Result "1-0"]
[WhiteElo "2365"]
[BlackElo "2297"]

1.d4 d5 2.c4 e6 3.Nc3 Nf6 4.Nf3 c6 5.e3 Nbd7 6.Qc2 Bd6 7.Be2 O-O 8.O-O Qe7
9.e4 dxe4 10.Nxe4 Nxe4 11.Qxe4 e5 12.Bg5 f6 13.Bd3 g6 14.Bh6 Re8 15.c5 Bc7
16.Bc4+ Kh8 17.Rfe1 Nf8 18.dxe5 Bxe5 19.Nxe5 fxe5 20.Bf4 Nd7 21.Qe3 b5 22.Bb3 a5
23.a3 Ba6 24.Rad1 Qg7 25.Rd6 Re7 26.Rxd7 Rxd7 27.Bxe5 Qxe5 28.Qxe5+ Rg7 29.Qe8+  1-0

[Event "NWAPA Rector Cup"]
[Site "St Petersburg RUS"]
[Date "2005.03.07"]
[Round "6"]
[White "Papenin,N"]
[Black "Solovjov,S"]
[Result "0-1"]
[WhiteElo "2350"]
[BlackElo "2456"]

1.d4 d5 2.c4 e6 3.Nc3 c6 4.e3 Nf6 5.Nf3 Nbd7 6.Qc2 Bd6 7.Bd3 O-O 8.O-O dxc4
9.Bxc4 a6 10.a4 c5 11.dxc5 Bxc5 12.Ne4 Be7 13.Nxf6+ Bxf6 14.Bd3 h6 15.Bd2 b6
16.Bb4 Nc5 17.Rfd1 Qe8 18.a5 Nxd3 19.Qxd3 Be7 20.Bxe7 Qxe7 21.axb6 Rb8 22.Qd6 Qb7
23.Ne5 Qxb6 24.Nc6 Rb7 25.Rxa6 Qc7 26.Qxc7 Rxc7 27.Rb6 Bb7 28.Nb4 Rfc8 29.f3 g5
30.Kf2 Kg7 31.e4 Ba8 32.Ke3 Kf6 33.Ra1 Ke7 34.Rba6 Rb8 35.Nd3 Rcc8 36.Rc1 Rxc1
37.Nxc1 Rc8 38.Nd3 Bc6 39.b4 Be8 40.Ra2 Rc4 41.Kd2 Rd4 42.Kc3 Rd8 43.Ra7+ Kf6
44.Kc4 h5 45.Ra5 h4 46.Rc5 Ba4 47.b5 Bd1 48.Nf2 Be2+ 49.Kb4 Bf1 50.Ng4+ Kg6
51.Ne5+ Kf6 52.Ng4+ Kg6 53.Rc1 Bxg2 54.b6 f6 55.Rc3 Rb8 56.Ka5 Ra8+ 57.Kb4 Rb8
58.Ka5 Ra8+ 59.Kb5 Bf1+ 60.Kb4 Be2 61.e5 Rb8 62.Kc5 f5 63.Nf6 Rc8+ 64.Kd4 Rxc3
65.Kxc3 Bxf3 66.Kd2 Bc6 67.Ke2 f4 68.h3 Kf5 69.Ng4 Ke4 70.Kf2 Kd4 71.Kg1 Kc5
72.Nh6 Kxb6 73.Nf7 Kc5 74.Nxg5 Bd5  0-1

[Event "Sozina Open"]
[Site "Bar SCG"]
[Date "2005.03.08"]
[Round "5"]
[White "Milanovic,Da"]
[Black "Blagojevic,D"]
[Result "0-1"]
[WhiteElo "2447"]
[BlackElo "2537"]

1.d4 d5 2.c4 c6 3.Nf3 Nf6 4.Nc3 e6 5.e3 Nbd7 6.Qc2 Bd6 7.g4 Nxg4 8.Rg1 f5
9.h3 Ngf6 10.Rxg7 Ne4 11.Bd2 Nf8 12.Rg2 Ng6 13.O-O-O Bd7 14.Bd3 Qf6 15.Rdg1 O-O-O
16.Be1 Kb8 17.c5 Bc7 18.Nd1 Qe7 19.h4 Nf6 20.Rh1 Rhg8 21.h5 Nf4 22.Rxg8 Nxd3+
23.Qxd3 Rxg8 24.Nc3 Be8 25.h6 Ng4 26.Nd2 Rg6 27.f4 Rxh6 28.Rxh6 Nxh6 29.Qe2 Qg7
30.Qh2 Ng4 31.Qh3 b6 32.Nb3 Bd7 33.Kd2 Bc8 34.Qh5 Nf6 35.Qe2 Qh6 36.Bg3 Ng4
37.a4 Qh3 38.Be1 Nh2 39.Bf2 Qg2 40.cxb6 axb6 41.a5 Ka7 42.axb6+ Bxb6 43.Nd1 Ng4
44.Bh4 Qe4 45.Kc1 Ba6 46.Qd2 Qd3 47.Nc5 Qc4+ 48.Qc2 Qxc2+ 49.Kxc2 Bxc5 50.dxc5 Be2
51.Nc3 Nxe3+ 52.Kd2 Ng2 53.Bg3 Bf3 54.Kd3 h5 55.b4 h4 56.Bh2 Ka6 57.Kd4 h3
58.Bg3 Ne1 59.Nb1 Nc2+ 60.Kc3 Ne3 61.Nd2 Bg2 62.Nb3 Nf1  0-1

[Event "37th Women's It"]
[Site "Belgrade SCG"]
[Date "2005.03.08"]
[Round "3"]
[White "Olarasu,G"]
[Black "Petrenko,S"]
[Result "1/2-1/2"]
[WhiteElo "2327"]
[BlackElo "2364"]

1.d4 d5 2.c4 c6 3.Nc3 Nf6 4.e3 e6 5.Nf3 Nbd7 6.Qc2 Be7 7.b3 O-O 8.Bb2 b6
9.Be2 Bb7 10.O-O Rc8 11.Rfd1 Qc7 12.Rac1 h6 13.h3 Qb8 14.Qb1 Rfd8  1/2-1/2

[Event "Acropolis GM Open"]
[Site "Athens GRE"]
[Date "2005.03.09"]
[Round "4"]
[White "Skembris,S"]
[Black "Pelletier,Y"]
[Result "0-1"]
[WhiteElo "2445"]
[BlackElo "2604"]

1.d4 Nf6 2.c4 e6 3.Nf3 d5 4.Nc3 c6 5.e3 Nbd7 6.Qc2 Bd6 7.Bd3 O-O 8.O-O dxc4
9.Bxc4 b5 10.Be2 Bb7 11.Bd2 a6 12.Ne4 Nxe4 13.Qxe4 Qe7 14.Rac1 Rac8 15.Rfd1 e5
16.dxe5 Nxe5 17.Bc3 c5 18.Qf5 g6 19.Qh3 Rfd8 20.Qh6 Bc7 21.a4 Bc6 22.axb5 axb5
23.b4 Rxd1+ 24.Rxd1 c4 25.Nd4 f6 26.f4 Nd3 27.Bxd3 Qxe3+ 28.Kf1 cxd3 29.Qh4 Qe4
30.Qh3 Re8 31.Qf3 Qxf3+ 32.gxf3 Bd5 33.Nxb5 Bxf4 34.Nd4 Rc8 35.Bb2 Ra8 36.Ra1 Rxa1+
37.Bxa1 Bxh2 38.Bc3 Be5 39.Kf2 d2 40.Ke2 Bxd4 41.Bxd4 Bxf3+ 42.Kxd2 Kf7 43.b5 g5
44.Ke3 Bb7  0-1

[Event "ch-RUS u20g"]
[Site "Nojabrsk RUS"]
[Date "2005.03.09"]
[Round "8"]
[White "Kursova,M"]
[Black "Tairova,E"]
[Result "1-0"]
[WhiteElo "2308"]
[BlackElo "2277"]

1.d4 d5 2.Nf3 Nf6 3.c4 c6 4.e3 e6 5.Nc3 Bd6 6.Qc2 O-O 7.Bd3 Nbd7 8.O-O dxc4
9.Bxc4 e5 10.Bb3 exd4 11.exd4 Re8 12.Bg5 Nf8 13.d5 cxd5 14.Nxd5 Bg4 15.Bxf6 gxf6
16.Qc3 Kg7 17.Rad1 Bxf3 18.Qxf3 Ng6 19.Ne3 Rxe3 20.Qxe3 Qc7 21.h3 Be5 22.Qd3 Rf8
23.Qc4 Qb8 24.Rd2 Kh8 25.Kh1 Nf4 26.Rd7 Ne6 27.Qb4  1-0

[Event "ch-BLR"]
[Site "Minsk BLR"]
[Date "2005.03.10"]
[Round "7"]
[White "Maiorov,N"]
[Black "Maljush,A"]
[Result "1-0"]
[WhiteElo "2457"]
[BlackElo "2413"]

1.d4 d5 2.c4 c6 3.Nc3 Nf6 4.e3 e6 5.Nf3 Nbd7 6.Qc2 Bd6 7.Bd3 dxc4 8.Bxc4 b5
9.Be2 Bb7 10.O-O O-O 11.Rd1 Qe7 12.e4 e5 13.dxe5 Nxe5 14.Nd4 Bc5 15.Be3 Neg4
16.Bxg4 Nxg4 17.Nf5 Qe5 18.Bxc5 Qxc5 19.Qe2 Ne5 20.Rac1 Qb6 21.Rd6 Qa5 22.f4 Ng6
23.Qd2 b4 24.Ne2 Rae8 25.Qd4 Qb6 26.e5 Re6 27.g3 Qa6 28.Kf2 Ne7 29.Nxe7+ Rxe7
30.Qxb4 Qxa2 31.Nc3 Qa6 32.Nd5 Ree8 33.Nc7 c5 34.Qb3 c4 35.Qb4 Bc6 36.Nxe8 Qc8
37.Qxc4  1-0

[Event "NWAPA Rector Cup"]
[Site "St Petersburg RUS"]
[Date "2005.03.10"]
[Round "10"]
[White "Bets,A"]
[Black "Gavrilov,O"]
[Result "1-0"]
[WhiteElo "2365"]
[BlackElo "2326"]

1.d4 d5 2.c4 c6 3.Nc3 Nf6 4.Nf3 e6 5.e3 Bd6 6.Qc2 O-O 7.Be2 Nbd7 8.O-O dxc4
9.Bxc4 e5 10.Bb3 Qe7 11.h3 c5 12.Re1 h6 13.Nh4 Rd8 14.Nb5 Bb8 15.Ng6 Qe8
16.dxc5 Nf8 17.Nxf8 Qxb5 18.Ng6 Qa5 19.Rd1 Rxd1+ 20.Qxd1 Be6 21.Bxe6 fxe6
22.Bd2 Qd8 23.Bc3 Nd7 24.b4 Qe8 25.Qd3 a5 26.Rd1 axb4 27.Bxb4 Nf6 28.Qd8 Bc7
29.Ne7+ Kf7 30.Qxc7 Qxe7 31.Qxe7+ Kxe7 32.c6+ Kf7 33.cxb7 Rb8 34.Bd6 Rxb7
35.Bxe5 Ra7 36.Ra1 Ne4 37.a4 Nd2 38.Bd4  1-0

[Event "NWAPA Rector Cup"]
[Site "St Petersburg RUS"]
[Date "2005.03.11"]
[Round "12"]
[White "Gavrilov,O"]
[Black "Solovjov,S"]
[Result "0-1"]
[WhiteElo "2326"]
[BlackElo "2456"]

1.d4 d5 2.c4 e6 3.Nc3 c6 4.e3 Nf6 5.Nf3 Nbd7 6.Bd3 dxc4 7.Bxc4 b5 8.Bd3 Bb7
9.O-O a6 10.e4 c5 11.d5 Qc7 12.dxe6 fxe6 13.Bc2 Bd6 14.Ng5 Nf8 15.f4 h6 16.e5 O-O-O
17.exd6 Rxd6 18.Qe2 hxg5 19.Ne4 Rd5 20.h3 gxf4 21.Bxf4 e5 22.Be3 Ne6 23.Nxf6 gxf6
24.Be4 Rd6 25.Bxb7+ Kxb7 26.Qf3+ Qc6 27.Qxf6 Nf4 28.Qg7+ Rd7 29.Qg4 Rh4 30.Qf3 e4
31.Qf2 Nxh3+ 32.gxh3 Rg7+ 33.Kh2 Rxh3+ 34.Kxh3 Qc8+  0-1

[Event "Sozina Open"]
[Site "Bar SCG"]
[Date "2005.03.12"]
[Round "9"]
[White "Milanovic,Da"]
[Black "Malakhatko,V"]
[Result "1/2-1/2"]
[WhiteElo "2447"]
[BlackElo "2569"]

1.d4 d5 2.c4 c6 3.Nf3 Nf6 4.Nc3 e6 5.e3 a6 6.Qc2 c5 7.cxd5 exd5 8.dxc5 Bxc5
9.Ne2 Bd6 10.Ned4 O-O 11.Be2 Re8 12.O-O Bd7 13.b3 Nc6 14.Bb2 Nb4 15.Qd1 Qe7
16.a3 Nc6 17.b4 Ne5 18.Qb3 Rac8 19.Rac1 h6 20.Rfd1 Red8 21.Rxc8 Rxc8 22.Rc1 Rxc1+
23.Bxc1 Qd8 24.Bb2 Qc7 25.Nxe5 Bxe5 26.g3 Bh3 27.Nf3 Bxb2 28.Qxb2 Ne4 29.Nd2 Nxd2
30.Qxd2 Qe5 31.Qd4 Qxd4 32.exd4 Bd7 33.Bf3 Bc6 34.Kf1 Kf8 35.Ke2 b6  1/2-1/2

[Event "TCh-SWE Elitserien 2004-5"]
[Site "Malmo SWE"]
[Date "2005.03.12"]
[Round "10"]
[White "Alm,H"]
[Black "Haggstrom,O"]
[Result "1-0"]
[WhiteElo "2293"]
[BlackElo "2215"]

1.d4 d5 2.c4 e6 3.Nc3 c6 4.Nf3 Nf6 5.e3 Nbd7 6.Bd3 dxc4 7.Bxc4 b5 8.Bd3 a6
9.O-O c5 10.Qe2 Bb7 11.Rd1 b4 12.Na4 cxd4 13.exd4 Qa5 14.b3 Bd6 15.Nb2 Qh5
16.Nc4 Bc7 17.Nfe5 Qxe2 18.Bxe2 Nd5 19.Bf3 Rb8 20.Bd2 f6 21.Nd3 a5 22.a3 Nc3
23.Bxb7 Nxd1 24.Bc6 Nc3 25.Bxc3 bxc3 26.Nc5 Ke7 27.Bxd7 Bb6 28.Nxb6 Rxb6
29.Re1 Rd8 30.Bxe6 Rxd4 31.Bc4+ Kd6 32.Ne4+ Kd7 33.Nxc3 Rb8 34.g3 Rd2 35.a4 Rd6
36.Bb5+ Kd8 37.Ne4 Re6 38.Rd1+ Kc7 39.Nc5  1-0

[Event "TCh-SWE Elitserien 2004-5"]
[Site "Malmo SWE"]
[Date "2005.03.12"]
[Round "10"]
[White "Hellborg,T"]
[Black "Holmsgaard,H"]
[Result "1-0"]
[WhiteElo "2240"]
[BlackElo "2292"]

1.d4 d5 2.c4 c6 3.Nc3 Nf6 4.e3 e6 5.Nf3 Nbd7 6.Bd3 dxc4 7.Bxc4 b5 8.Be2 a6
9.e4 b4 10.e5 bxc3 11.exf6 Nxf6 12.bxc3 Bd6 13.c4 c5 14.dxc5 Bxc5 15.Qxd8+ Kxd8
16.Ne5 Ke8 17.Rb1 Nd7 18.Nd3 Bd4 19.Ba3 a5 20.Bf3 Rb8 21.Rxb8 Nxb8 22.Bd6 Nd7
23.Bc6 Kd8 24.Ke2 Ba6 25.Rb1 Kc8 26.Bb5 Bxb5 27.Rxb5 Bb6 28.c5 Bc7 29.Bxc7 Kxc7
30.Rxa5 Rb8 31.a3 Rc8 32.Ke3 Kb7 33.Kd4 Nb8 34.Nb4 Rd8+ 35.Ke3 Rc8 36.f4 Nc6
37.Rb5+ Kc7 38.Na6+ Kd8 39.Rb6 Ne7 40.Kd4 Nc6+ 41.Kc4 Ke8 42.Rxc6 Rxc6 43.Kb5 Rc8
44.c6 Ke7 45.Kb6 f6 46.Kb7 Re8 47.c7 Kd7 48.Nc5+ Kd6 49.Nxe6  1-0

[Event "Bundesliga 2004-5"]
[Site "Stuttgart GER"]
[Date "2005.03.12"]
[Round "12"]
[White "Pedersen,Stef"]
[Black "Khenkin,I"]
[Result "1/2-1/2"]
[WhiteElo "2408"]
[BlackElo "2604"]

1.d4 d5 2.c4 e6 3.Nc3 c6 4.e3 Nf6 5.Nf3 Nbd7 6.Qc2 Bd6 7.g4 dxc4 8.Bxc4 e5
9.g5 Nd5 10.Bd2 O-O 11.Ne4 Bc7 12.dxe5 Nxe5 13.Nxe5 Bxe5 14.f4 Bc7 15.O-O-O Bg4
16.Rde1 Ba5 17.Rhg1 Bf5 18.Bd3 Bxd2+ 19.Qxd2 Nb4 20.Nf6+ gxf6 21.Bxf5 Nxa2+
22.Kc2 Qxd2+ 23.Kxd2 Kg7 24.gxf6+ Kxf6 25.Bb1 Rad8+ 26.Ke2 Nb4 27.e4 h6 28.Rg3 Rd4
29.Rd1 Rxd1 30.Kxd1 a5 31.Ke2 b5 32.Rh3 Rh8 33.Ke3 Rd8 34.Ke2 Rh8 35.Ke3 Rd8
36.Ke2 Kg7 37.Rg3+ Kf8 38.Rh3 Rd6 39.e5 Rd4 40.Ke3 c5 41.Be4 Nd5+ 42.Bxd5 Rxd5
43.Rxh6 c4 44.Rd6 Rc5 45.Kd4 c3 46.bxc3 Rc4+ 47.Kd3 Rxf4 48.Rd5 b4 49.Rxa5 Rf3+
50.Kd4 Rxc3  1/2-1/2

[Event "Acropolis GM Open"]
[Site "Athens GRE"]
[Date "2005.03.13"]
[Round "8"]
[White "Skembris,S"]
[Black "Izoria,Z"]
[Result "1/2-1/2"]
[WhiteElo "2445"]
[BlackElo "2607"]

1.d4 Nf6 2.c4 e6 3.Nf3 d5 4.Nc3 c6 5.e3 a6 6.a4 c5 7.Be2 Nc6 8.O-O Bd6 9.Bd2 O-O
10.Rc1 b6 11.Qc2 Bb7 12.cxd5 exd5 13.Rfd1 Qe7 14.Be1 Rad8 15.Bf1 Nb4 16.Qb1 Bc8
17.Ne2 a5 18.Ng3 Bxg3 19.hxg3 Bg4 20.Bxb4 axb4 21.dxc5 bxc5 22.Qc2 Ne4 23.Re1 Qf6
24.Nh2 Be6 25.f3 b3 26.Qxb3 c4 27.Qc2 Nxg3 28.b4 cxb3 29.Qxb3 d4 30.Qb2 Qh4
31.exd4 Rxd4 32.a5 Rd5 33.Rc4 Qd8 34.a6 Rh5 35.Rb4 Qd6 36.Qd4 Ne2+ 37.Rxe2 Qxh2+
38.Kf2  1/2-1/2

[Event "ch-BLR"]
[Site "Minsk BLR"]
[Date "2005.03.14"]
[Round "11"]
[White "Tihonov,J"]
[Black "Maljush,A"]
[Result "1-0"]
[WhiteElo "2454"]
[BlackElo "2413"]

1.d4 d5 2.c4 c6 3.Nf3 Nf6 4.Nc3 e6 5.e3 Nbd7 6.Qc2 Bd6 7.g4 dxc4 8.Bxc4 e5
9.g5 Nd5 10.Qe4 Nxc3 11.bxc3 Qe7 12.Rg1 b5 13.Bxb5 Bb7 14.Bd3 Bc7 15.Rb1 O-O-O
16.Rb3 Bb6 17.Ba3 c5 18.d5 f5 19.gxf6 Nxf6 20.Qf5+ Kb8 21.e4 Nxd5 22.exd5 e4
23.Bxe4 Rhe8 24.Nd2 Bxd5 25.Qf4+ Ka8 26.f3 Qd7 27.Rg2 Bxe4 28.fxe4 c4 29.Rb2 Qa4
30.Bb4 Rd3 31.Re2 Qc6 32.Qf7 Red8 33.e5 a5 34.Bd6 Rxc3 35.Rb1 a4 36.Qf1 Ka7
37.Qg2 Qb5 38.Kd1 Qd7 39.Qd5 Qg4 40.Qe4 Qg1+ 41.Re1 Qf2 42.Rf1  1-0

[Event "ch-Privolzhsky Region"]
[Site "Ishevsk RUS"]
[Date "2005.03.16"]
[Round "1"]
[White "Skatchkov,P"]
[Black "Fayzrakhmanov,R"]
[Result "1-0"]
[WhiteElo "2483"]
[BlackElo "2283"]

1.d4 d5 2.Nf3 c6 3.c4 Nf6 4.Nc3 e6 5.e3 Nbd7 6.Bd3 dxc4 7.Bxc4 b5 8.Bd3 a6
9.O-O c5 10.e4 Bb7 11.d5 c4 12.Bc2 Qc7 13.dxe6 fxe6 14.Ng5 Nc5 15.Be3 h6
16.Nf3 Ncxe4 17.Nxe4 Bxe4 18.Bxe4 Nxe4 19.Nd4 Qf7 20.a4 b4 21.Qe2 e5 22.Nf3 Bd6
23.Rad1 O-O-O 24.Bb6 Ng5 25.Nxg5 hxg5 26.Bxd8 Rxd8 27.Qe4 Kb8 28.Rd5 Qc7
29.Rc1 Rc8 30.Qg6 Rd8 31.Rcd1 c3 32.bxc3 bxc3 33.Rxd6 Rxd6 34.Qxd6 Qxd6 35.Rxd6  1-0

[Event "II Copa ENTEL"]
[Site "Santiago CHI"]
[Date "2005.03.16"]
[Round "3"]
[White "Leitao,R"]
[Black "Rodriguez,And URU"]
[Result "1/2-1/2"]
[WhiteElo "2580"]
[BlackElo "2536"]

1.d4 d5 2.c4 c6 3.Nf3 Nf6 4.Nc3 e6 5.e3 Nbd7 6.Qc2 Bd6 7.b3 O-O 8.Be2 b6
9.O-O Bb7 10.Bb2 Rc8 11.e4 dxe4 12.Nxe4 Nxe4 13.Qxe4 Qe7 14.Bd3 Nf6 15.Qh4 h6
16.Rfe1 Ba3 17.Bxa3  1/2-1/2

[Event "IRT Eduardo Orosco"]
[Site "Pinamar ARG"]
[Date "2005.03.17"]
[Round "10"]
[White "Hobaica,J"]
[Black "Romero,Fa"]
[Result "1-0"]
[WhiteElo "2312"]
[BlackElo "2053"]

1.d4 d5 2.c4 c6 3.Nf3 Nf6 4.e3 e6 5.Nc3 Be7 6.Bd3 dxc4 7.Bxc4 O-O 8.O-O b6
9.Qe2 a5 10.e4 Ba6 11.Bf4 b5 12.Bd3 Nbd7 13.e5 Ne8 14.Qe4 g6 15.Qxc6 Qc7
16.Qxa8  1-0

[Event "78th ch-City"]
[Site "St Petersburg RUS"]
[Date "2005.03.19"]
[Round "3"]
[White "Lugovoi,A"]
[Black "Vitiugov,N"]
[Result "0-1"]
[WhiteElo "2552"]
[BlackElo "2478"]

1.d4 d5 2.c4 e6 3.Nf3 Nf6 4.Nc3 c6 5.e3 Nbd7 6.Bd3 dxc4 7.Bxc4 b5 8.Bd3 a6
9.e4 c5 10.e5 cxd4 11.Nxb5 axb5 12.exf6 gxf6 13.O-O Qb6 14.Qe2 b4 15.Rd1 Bc5
16.Bf4 h5 17.Bg3 Rg8 18.Nd2 h4 19.Bxh4 Bb7 20.Bg3 Ne5 21.Ne4 Be7 22.Bxe5 fxe5
23.Ng3 Ra5 24.a4 Qd6 25.Bb5+ Kf8 26.Qh5 Bg5 27.f3 Bf4 28.Ne4 Qe7 29.Rac1 Ra8
30.Nc5 Rd8 31.Nxb7 Qxb7 32.Rc6 Rc8 33.Rxc8+ Qxc8 34.Qh7 b3 35.Qd3 Qd8 36.g3 Qh4
37.Qe4 Bxg3 38.Qxh4 Bxh4+ 39.Kf1 Ke7 40.Rc1 f5 41.a5 e4 42.a6 d3 43.a7 Bf6
44.Rc7+ Kd6 45.Rc6+ Kd5 46.Rxe6 Bd4 47.Rg6 Rf8 48.Bc6+ Ke5 49.a8=Q Rxa8 50.Bxa8 e3
51.f4+ Kxf4 52.Rg3 e2+ 53.Ke1 Bc3+ 54.bxc3 b2 55.Rf3+ Ke5  0-1

[Event "11th Schloss Open"]
[Site "Werther GER"]
[Date "2005.03.19"]
[Round "3"]
[White "Epishin,V"]
[Black "Kirnos,E"]
[Result "1-0"]
[WhiteElo "2614"]
[BlackElo "2300"]

1.d4 d5 2.c4 e6 3.Nf3 Nf6 4.Nc3 c6 5.e3 Nbd7 6.Qc2 dxc4 7.Bxc4 c5 8.d5 exd5
9.Nxd5 Bd6 10.Bd2 Nxd5 11.Bxd5 Nf6 12.Bc4 O-O 13.Bc3 Qe7 14.Bd3 h6 15.O-O Bg4
16.Rfd1 Rac8 17.Bf5 Bxf5 18.Qxf5 Ne4 19.Rd5 Qe6 20.Qxe6 fxe6 21.Rd3 Rcd8
22.Rad1 Nxc3 23.bxc3 Bc7 24.c4 Rxd3 25.Rxd3 Rd8 26.Rxd8+ Bxd8 27.Ne5 Bc7
28.Nd3 Bd6 29.f4 a6 30.a4 b6 31.Kf2 Kf7 32.e4 Ke8 33.e5 Be7 34.Nb2 Kd7 35.Nd1 h5
36.Nc3 g6 37.g3 Kc6 38.Kf3 Kc7 39.g4 hxg4+ 40.Kxg4 Kd7 41.h4 Ke8 42.h5 gxh5+
43.Kxh5 Bd8 44.Kg6 Bh4 45.Ne4 Ke7 46.Kh5 Be1 47.Kg5 b5 48.axb5 axb5 49.cxb5 c4
50.b6 Ba5 51.b7 Bc7 52.Kg4 Kd7 53.Nc5+ Kc6 54.Nxe6 Kxb7 55.Nxc7 c3 56.Ne6  1-0

[Event "Ettinger It"]
[Site "Givataim ISR"]
[Date "2005.03.20"]
[Round "1"]
[White "Haimovich,T"]
[Black "Kaplan,S"]
[Result "0-1"]
[WhiteElo "2382"]
[BlackElo "2346"]

1.d4 d5 2.c4 c6 3.Nc3 Nf6 4.Nf3 e6 5.e3 Nbd7 6.Qc2 Bd6 7.Bd2 O-O 8.O-O-O Qe7
9.Ng5 h6 10.h4 Rd8 11.f4 b6 12.Bd3 Bb7 13.cxd5 exd5 14.Nh3 b5 15.e4 dxe4
16.Nxe4 Nxe4 17.Bxe4 Nf6 18.Bf3 c5 19.dxc5 Bxc5 20.Rhe1 Qc7 21.Bc3 Bxf3 22.gxf3 Nd5
23.Be5 Be3+ 24.Kb1 Qxc2+ 25.Kxc2 f6 26.Rxd5 Rxd5 27.Rxe3 fxe5 28.fxe5 Rc8+
29.Kb3 Rc4 30.Nf2 Rxh4 31.Nd3 Rhd4 32.Nb4 Rd8 33.Re2 Rc8 34.a3 a5 35.Nc2 Rd3+
36.Ka2 g5 37.Ne3 Re8 38.Nf5 Rxf3 39.Nxh6+ Kg7 40.Ng4 b4 41.a4 Re6 42.Nf6 Kg6
43.Nd7 Kf5 44.Rd2 g4 45.Nb8 Kxe5 46.Nd7+ Kf4 47.Nc5 Rc6 48.Nb3 Ke3 49.Rd5 Rf4
50.Nxa5 Re6 51.Rg5 Kf3 52.Nb3 g3 53.Nc5 Rd6 54.a5 g2 55.a6 Rg4 56.a7 Rd8
57.Rf5+ Kg3 58.Rd5 Ra8 59.Rd1 Rxa7+ 60.Kb3 Kh2  0-1

[Event "ch-DEN KO"]
[Site "Koege DEN"]
[Date "2005.03.21"]
[Round "1.3"]
[White "Pedersen,Stef"]
[Black "Hansen,Cu"]
[Result "1/2-1/2"]
[WhiteElo "2408"]
[BlackElo "2633"]

1.d4 d5 2.c4 c6 3.Nf3 Nf6 4.e3 e6 5.Nc3 Nbd7 6.Qc2 b6 7.cxd5 cxd5 8.Nb5 Bb4+
9.Bd2 Bxd2+ 10.Nxd2 O-O 11.Be2 a6 12.Nc3 Bb7 13.O-O Qe7 14.Qb3 Rfc8 15.a4 Rc7
16.f4 Rac8 17.Bd3 Ne8 18.Nf3 f5 19.Ne5 Nef6 20.Nxd7 Nxd7 21.Ne2 Qd6 22.Qa3 Qxa3
23.Rxa3 Kf7 24.Rb3 a5 25.Nc3 Bc6 26.Kf2 Ke7 27.Ke2 Rb8 28.Kd2 Nf6 29.Rc1 Kd8
30.Ra3 Ne8 31.g4 Nd6 32.gxf5 exf5 33.b3 Rbc8 34.Ba6 Bb7 35.Bd3 Ke7 36.Raa1 Ke6
37.Rab1 Bc6 38.b4 Bd7 39.bxa5 bxa5 40.Rb6 Bxa4 41.Bxf5+ Kxf5 42.Rxd6 Bb3
43.Ra6 a4 44.Ra5 Kg4 45.Rg1+ Kh3 46.Rc5 Rxc5 47.dxc5 g6 48.e4 Rxc5 49.exd5 Bxd5
50.Nxa4 Ra5 51.Nc3 Kxh2 52.Rg5 Ra2+ 53.Nxa2 Bxa2 54.Ke3 Be6 55.Kf2 Bf5 56.Rg2+ Kh3
57.Rg3+ Kh2 58.Rg2+ Kh3 59.Rg3+ Kh2  1/2-1/2

[Event "US Amateur Team East"]
[Site "Parsippany USA"]
[Date "2005.03.21"]
[Round "6"]
[White "Hulse,B"]
[Black "Truong,Ho"]
[Result "1/2-1/2"]
[WhiteElo "2231"]
[BlackElo "2335"]

1.d4 d5 2.Nf3 Nf6 3.c4 c6 4.e3 e6 5.Nc3 Nbd7 6.Qc2 Bd6 7.Bd3 O-O 8.O-O dxc4
9.Bxc4 e5 10.dxe5 Nxe5 11.Nxe5 Bxe5 12.f4 Bxc3 13.bxc3 Qe7 14.Bd3 Re8 15.Bd2 Qc5
16.Rae1 Be6 17.f5 Bc4 18.Rf4 Bxd3 19.Qxd3 Rad8 20.Rd4 Qa5 21.Qc2 Qe5 22.Qd3 Qa5
23.Qc2 c5 24.Rxd8 Qxd8 25.e4 Qd6 26.Bg5 Ng4 27.g3 Ne5 28.Rd1 Qc6 29.Bf4 h6
30.Bxe5 Rxe5 31.Re1 c4 32.Re2 Qb6+ 33.Kg2 Rb5 34.e5 Qc6+ 35.Qe4 Qxe4+ 36.Rxe4 Ra5
37.e6 Rxa2+ 38.Kf3 fxe6 39.fxe6 Kf8 40.Rxc4 Rxh2 41.Rc8+ Ke7 42.Rc7+ Kxe6
43.Rxb7 Kf6 44.Rxa7 Rc2 45.Rc7 h5 46.Rc6+ Kg5 47.Rc5+ Kh6 48.Rc6+ g6 49.Rc5 Rc1
50.Kf2 Ra1 51.Kg2 Ra6 52.c4 Kg7 53.g4 hxg4 54.Kg3 Kh6 55.Kxg4 Rd6 56.Rd5  1/2-1/2

[Event "Ettinger It"]
[Site "Givataim ISR"]
[Date "2005.03.22"]
[Round "3"]
[White "Bykhovsky,Av"]
[Black "Kaplan,S"]
[Result "1-0"]
[WhiteElo "2451"]
[BlackElo "2346"]

1.d4 d5 2.c4 c6 3.Nc3 Nf6 4.e3 e6 5.Nf3 Nbd7 6.a3 Bd6 7.b4 dxc4 8.Bxc4 b5
9.Be2 a5 10.Rb1 axb4 11.axb4 Qe7 12.Qb3 e5 13.e4 O-O 14.Be3 Bb7 15.dxe5 Nxe5
16.Nd4 g6 17.f3 Nc4 18.Bxc4 bxc4 19.Qxc4 Ba6 20.Qb3 c5 21.Nc6 Qc7 22.b5 Bxh2
23.Bxc5 Bg3+ 24.Kd1 Rfd8+ 25.Kc2 Rd7 26.Bd4 Nh5 27.Nd5 Qd6 28.Rxh5 gxh5 29.Nf6+ Kf8
30.Nxh7+ Kg8 31.Nf6+ Kf8 32.Rd1 Rc7 33.Qc3 Bxb5 34.Bc5 Rxc6 35.Rxd6 Bxd6
36.Bxd6+ Rxd6 37.Qb4 Ba4+ 38.Kb2 Ra6 39.Qb8+ Kg7 40.Nxh5+ Kh7 41.Qf8 Rdb6+
42.Kc3 Rc6+ 43.Kd4 Rg6 44.Qxf7+ Kh6 45.g4 Rad6+ 46.Ke3 Bd7 47.e5 Rd1 48.Nf6  1-0

[Event "Caissa IM March"]
[Site "Kecskemet HUN"]
[Date "2005.03.22"]
[Round "3"]
[White "Kragelj,I"]
[Black "Amberger,D"]
[Result "1-0"]
[WhiteElo "2243"]
[BlackElo "2100"]

1.d4 d5 2.c4 c6 3.Nf3 Nf6 4.Nc3 e6 5.e3 Nbd7 6.Qc2 Bd6 7.Bd3 Qe7 8.O-O O-O
9.c5 Bc7 10.e4 dxe4 11.Nxe4 Nxe4 12.Bxe4 h6 13.Re1 e5 14.Bf4 Qf6 15.Bxe5 Nxe5
16.Nxe5 Re8 17.Qc3 a5 18.Re3 Be6 19.a3 Kf8 20.Rf1 Rad8 21.Rf3 Qg5 22.h4 Qh5
23.g4 Bxg4 24.Rxf7+ Qxf7 25.Nxf7 Kxf7 26.Bf3 Be6 27.Kh1 Rg8 28.Re1 g5 29.Bh5+  1-0

[Event "Norwegian Open"]
[Site "Oslo NOR"]
[Date "2005.03.22"]
[Round "4"]
[White "Astrup,H"]
[Black "Bjerke,S"]
[Result "1/2-1/2"]
[WhiteElo "1965"]
[BlackElo "2120"]

1.d4 d5 2.c4 e6 3.Nc3 c6 4.e3 Nf6 5.Nf3 Nbd7 6.Qc2 Bd6 7.Bd3 dxc4 8.Bxc4 b5
9.Bd3 Bb7 10.O-O O-O 11.a3 a5 12.Qe2 b4 13.Na4 c5 14.dxc5 Nxc5 15.Nxc5 Bxc5
16.Rd1 Qe7 17.e4 h6 18.Be3 Nd7 19.Bb5 Nb6 20.Bxc5 Qxc5 21.Rac1 Qh5 22.Rd6 Nc8
23.Rd4 Na7 24.Ba4 Rac8 25.Rxc8 Rxc8 26.Rd7 Bc6 27.Bxc6 Nxc6 28.Qa6 Ne7 29.h3 Rc1+
30.Kh2 Qc5 31.Qa7 Qxa7 32.Rxa7 Nc6 33.Ra8+ Kh7 34.axb4 Nxb4 35.Rxa5 Rc2 36.Kg3 Rxb2
37.Rb5 Nd3 38.Rxb2 Nxb2 39.Ne5 f6 40.Nc6 Nd3  1/2-1/2